| 000 | 00783nam a22002531 4500 | ||
|---|---|---|---|
| 001 | 34620 | ||
| 003 | BD-RjUL | ||
| 005 | 20211209052204.0 | ||
| 008 | 140518s1960 ilua b 001 0 eng | ||
| 035 | _a(BD-RjUL)34714 | ||
| 035 | _a(OCoLC)165503 | ||
| 040 |
_aDLC _cODaWU _dBD-RjUL _beng |
||
| 041 | _aeng | ||
| 082 |
_a519.5 _bGOI 1960 |
||
| 100 | 1 |
_aGoldfarb, Nathan. _9105322 |
|
| 245 | 1 | 3 |
_aAn introduction to longitudinal statistical analysis : _bthe method of repeated observations from a fixed sample / _cNathan Goldfarb |
| 260 |
_aGlencoe ; Ill. : _bFree Press, _cc1960. |
||
| 300 |
_axiii, 220 p. : _billus. ; _c22 cm. |
||
| 504 | _aIncludes Bibliography and index. | ||
| 650 | 0 |
_aStatistics. _9105323 |
|
| 942 |
_2ddc _cBK |
||
| 999 |
_c34620 _d34620 |
||